| 000 | 01152cam a22003374a 4500 | ||
|---|---|---|---|
| 001 | 14255302 | ||
| 003 | OSt | ||
| 005 | 20140310181734.0 | ||
| 008 | 060206s2006 mau 001 0deng | ||
| 010 | _a 2006004159 | ||
| 020 | _a1598691015 | ||
| 035 | _a(OCoLC)ocm64065834 | ||
| 040 |
_aDLC _cDLC _dIG# _dBAKER _dDPL _dDLC |
||
| 043 | _ae-it--- | ||
| 050 | 0 | 0 |
_aN 6923.L33 _bP554 2006 |
| 082 | 0 | 0 |
_aHS 709.2 _aP54 2006 |
| 100 | 1 |
_aPhillips, Cynthia, _d1973- _914001 |
|
| 245 | 1 | 4 |
_aThe everything Da Vinci book : _bexplore the life and times of the ultimate Renaissance man / _cCynthia Phillips and Shana Priwer. |
| 246 | 3 | 0 | _aDa Vinci book |
| 260 |
_aAvon, Mass. : _bAdams Media, _cc2006. |
||
| 300 |
_a289 p. ; _c24 cm. |
||
| 490 | 0 | _aEverything series | |
| 600 | 0 | 0 |
_aLeonardo, _cda Vinci, _d1452-1519. _914002 |
| 650 |
_a Leonardo, DA Vinci _xDa Vinci Book _914003 |
||
| 650 |
_aPriwer, Shana _914004 |
||
| 700 | 1 |
_aPriwer, Shana. _914005 |
|
| 906 |
_a7 _bcbc _corignew _d1 _eecip _f20 _gy-gencatlg |
||
| 942 | _2lcc | ||
| 999 |
_c2505 _d2505 |
||